000 00466nam a2200193Ia 4500
005 20250923144412.0
008 008 250917s9999 xx 000 0 eng d
037 _aTextual
040 _aDSWL
_beng
_cDSWL
041 _aeng
_2eng
084 _qDSWL
245 0 _aReport of the case of children committee
260 _aLondon
_bH.M.O
_c1945
300 _a195 p.
365 _aINR
_b4.6
925 _g4.6
942 _cTEXL
999 _c1438398
_d1438398